000 00646nam a2200157 a 4500
008 120416s1962 ||||||||||||||||| || u
050 _aHM 51 Bot
100 _aBottomore, T. B
245 1 0 _aSociology
246 _aa guide to problems and literature
260 _aLondon
_bUnwin University Books
_c1962
300 _a330p.
350 _a0.00
995 _aBINDERY (DAMAGED)
_D0.00
_e700098
_FCBU-MAIN LIBRARY (Kitwe)
_H2
_I0.00
_jHM 51 Bot
_M1
_UDAMAGED
_y008472
_ZMain Library Open Access Collection
995 _aANNEX COLLECTION (Main Library)
_D0.00
_e008473
_FCBU-MAIN LIBRARY (Kitwe)
_H1
_I0.00
_jHM 51 Bot
_UAVAILABLE
_y008473
_ZAnnex Low-Usage Collection
999 _c76606
_d76606